000 01660cam a2200373 a 4500
001 4435325
003 ARRUPE
005 20141012020004.0
008 941117s1995 enkab b 001 0 eng
010 _a 94045143
020 _a0415107903 (hbk.)
020 _a0415107911 (pbk.)
040 _aDLC
_cDLC
_dDLC
050 0 0 _aBD450
_b.P847 1995
082 0 0 _a305
_220
100 _aJames, Wendy.
_911292
245 0 4 _aThe pursuit of certainty :
_breligious and cultural formulations /
_cedited by Wendy James.
260 _aLondon ;
_aNew York :
_bRoutledge,
_c1995.
300 _axii, 316 p. :
_bill., maps ;
_c24 cm.
490 1 _aThe uses of knowledge
500 _aBased on papers from the 4th Decennial Conference of the Association of Social Anthropologists of the Commonwealth held in Oxford in 1993.
504 _aIncludes bibliographical references and indexes.
650 0 _aPhilosophical anthropology.
_911293
650 0 _aReligionstudies.
_911294
650 0 _aTolerationstudies.
_911295
650 0 _aCultural pluralism.
_97972
700 1 _aJames, Wendy.
_911296
710 2 _aAssociation of Social Anthropologists of the Commonwealth.
_bConference
_n(4th :
_d1993 :
_cOxford, England)
_911297
810 2 _aAssociation of Social Anthropologists of the Commonwealth.
_bConference
_n(4th :
_d1993 :
_cOxford, England).
_tUses of knowledge.
_911298
856 4 2 _3Publisher description
_uhttp://www.loc.gov/catdir/enhancements/fy0648/94045143-d.html
906 _a7
_bcbc
_corignew
_d1
_eocip
_f19
_gy-gencatlg
942 _2lcc
_cMONOGRAPH
_01
999 _c120848
_d120848